00370nam a2200121Ia 4500008004000000020001800040082001600058100002100074245005900095260004500154300001300199650003600212210210b1991 xxu||||| |||| 00| 0 eng d a81 85475 09 1 a657.48 KUMA aKUMAR (Pramod). aAnalysis of financial statements of Indian industries. aDelhi.bKanishka Publishing House,c1991 axiii,256 aAnalysis Financial Statements